00381nam a2200121Ia 4500008004100000082001500041100001900056245007400075260004700149300001000196630001800206650003500224211109s9999||||xx |||||||||||||| ||und|| a516bSMI-S aSmith, Charles 0aSolutions of the Examples in an Elementary Treatise on Conic Sections bMacmillan and Co., LimitedaKingstonc1988 a289p. xGeneral Stack aGEOMETRYvSciencexMathematics